| 000 | 00724nam a2200253Ia 4500 | ||
|---|---|---|---|
| 003 | OSt | ||
| 005 | 20220927105439.0 | ||
| 006 | a|||||r|||| 00| 0 | ||
| 007 | ta | ||
| 008 | 220926b |||||||| |||| 00| 0 eng d | ||
| 024 | _a173591 | ||
| 037 | _cReference Collections | ||
| 040 |
_aRTL _cRTL _beng |
||
| 041 |
_2eng _aeng |
||
| 082 | _a"V1N45.N82a, M2.4-1/UN" | ||
| 110 | _aUNITED NATIONS. | ||
| 245 | 0 | _aUnited Nations documents index. | |
| 260 |
_aNew _bYork U.N. _c1988 |
||
| 300 |
_axi; 154p. _ccm. |
||
| 490 |
_v"V.4, NO.1" _aU.N. Bibliographic information system. |
||
| 700 | _aUNITED NATIONS. | ||
| 942 |
_h"V1N45.N82a, M2.4-1/UN" _cCC |
||
| 999 |
_c692621 _d692621 |
||